• 首页
  • 本馆介绍
  • 公告通知
  • 最新文献
  • 馆藏检索
  • 电子资源
  • 读者导购
  • 参考咨询
  • 我的图书馆
  • 登录
  • 详细信息显示
  • 放入我的书架
  • 预约/预借图书
  • 作者相关作品
  • 分类相关作品
  • 丛书相关作品
  • 出版社相关作品

书目信息

  • 表格格式
  • 工作单格式
  • 卡片格式
题名:
女性身体的智慧
    
 
作者: 哈特 著 ;冯欣 , 姬蕾 译
分册:  
出版信息: 上海   世界图书出版公司北京公司  2017
页数: 14,272页
开本: 23cm
丛书名:
单 册:
中图分类: C913.68
科图分类:
主题词: 女性--研究
电子资源:
ISBN: 978-7-5192-1382-4
000 01329nam0 2200265 450
001 3272
005 20180527143541.48
010    @a978-7-5192-1382-4@dCNY58.00
100    @a20170427d2017 em y0chiy50 ea
101 1  @achi@ceng
102    @aCN@b110000
105    @ay z 000yy
200 1  @a女性身体的智慧@9nv xing shen ti de zhi hui@dBody of wisdom: women's spiritual power and how it serves@f(美)希拉里·哈特(Hilary Hart)著@g冯欣,姬蕾译@zeng
210    @a上海@c世界图书出版公司北京公司@d2017
215    @a14,272页@d23cm
314    @a希拉里·哈特 (Hilary Hart),是美国灵性导师,主要教导女性的灵性智慧。哈特毕业于耶鲁大学,拥有科罗拉多大学的哲学硕士学位。
330    @a在作者看来,女性拥有九种力量:完整性、滋养、与土地联结、净化、美丽、建立社群、渴望、接受和创造空间。女性和男性不同,她的能量场集中在胸部和腹部,属于接受性的。她可以运用这些力量来实现自我疗愈、对父权社会的转化以及对地球的疗愈。十足汇集了世界上最有远见的精神导师们的思想精粹,向我们揭示了女性身体本身的美好,以及女性身体内蕴藏着的巨大能量。
510 1  @aBody of wisdom: women's spiritual power and how it serves@zeng
606 0  @a女性@x研究
690    @aC913.68@v5
701  0 @c(美)@a哈特@9ha te@c(Hart, Hilary)@4著
702  0 @a冯欣@9feng xin@4译
702  0 @a姬蕾@9ji lei@4译
801  0 @aCN@b91MARC@c20170427
905    @aMuseLib@dC913.68@e1325
    
    女性身体的智慧=Body of wisdom: women's spiritual power and how it serves/(美)希拉里·哈特(Hilary Hart)著/冯欣,姬蕾译.-上海:世界图书出版公司北京公司,2017
    14,272页;23cm
    
    
    ISBN 978-7-5192-1382-4:CNY58.00
    在作者看来,女性拥有九种力量:完整性、滋养、与土地联结、净化、美丽、建立社群、渴望、接受和创造空间。女性和男性不同,她的能量场集中在胸部和腹部,属于接受性的。她可以运用这些力量来实现自我疗愈、对父权社会的转化以及对地球的疗愈。十足汇集了世界上最有远见的精神导师们的思想精粹,向我们揭示了女性身体本身的美好,以及女性身体内蕴藏着的巨大能量。
●
相关链接 在E读中查询图书 在五车中查询图书 在当当中查询图书 在豆瓣中查询图书


正题名:女性身体的智慧     索取号:C913.68/1325         预约/预借

序号 登录号 条形码 馆藏地/架位号 状态 备注
1 1108536   211085369   第一样本阅览室/ [索取号:C913.68/1325] 在馆    
2 1108537   211085378   教育系资料室/ [索取号:C913.68/1325] 在馆    
3 1108538   211085387   教育系资料室/ [索取号:C913.68/1325] 在馆    
4 1108539   211085396   第一借阅区/ [索取号:C913.68/1325] 在馆    
唐山师范学院图书馆 欢迎您!
大连网信软件有限公司© 版权所有